000 01096nam a22002537a 4500
001 13158
003 HDC
007 cr bn ---
008 210212 my |0 eneng
040 _aHDC
100 _a Ziegler, Friederike
_eauthor
_913987
245 0 _aLIFE CYCLE ASSESSMENT OF SOUTHERN PINK SHRIMP PRODUCTS FROM SENEGAL :
_bAn environmental comparison between artisanal fisheries in the Casamance region and a trawl fishery based in Dakar /
_cby Friederike Ziegler, John Lucas Eichelsheim, Andreas Emanuelsson, Anna Flysjö, Vaque Ndiaye,Mikkel Thrane
260 _aRome :
_bFOOD AND AGRICULTURE ORGANIZATION OF THE UNITED NATIONS ,
_c2009
300 _a86 pages
336 _atext
_2rdacontent
337 _acomputer
_2rdamedia
338 _aonline resource
_2rdacarrier
650 _aAgriculture
_91238
650 _aAquaculture
_913985
856 _zRequest full-text at [email protected]
942 _2lcc
942 _cEBOOK
942 _kEBOK 002087
999 _c10474
_d10474